Od teorie předškolního vzdělávání k praxi v mateřské škole /

Hlavní autor: Syslová, Zora, 1964-
Další autoři: Horká, Hana, 1949-, Lazarová, Bohumíra, 1958-
Jazyk: Čeština
Vydáno: Brno : Masarykova univerzita, 2014
Vydání: 1. vydání
Témata:
Fyzický popis: 137 stran : ilustrace (některé barevné), formuláře ; 25 cm
Language note: České a anglické resumé
Knihy
Uloženo v:
LEADER 02755nam a2200721 i 4500
001 nkc20152705556
003 CZ PrNK
005 20160815133610.0
007 ta
008 150608s2014 xr ak f f 001 0 cze
015 |a cnb002705556 
020 |a 978-80-210-7542-9  |q (brožováno) 
035 |a (OCoLC)913565411 
040 |a BOA001  |b cze  |e rda 
041 0 |a cze  |b cze  |b eng 
043 |a e-xr---  |b e-xr-jm  |2 czenas 
072 7 |a 373.2/.3  |x Předškolní a primární výchova a vzdělávání  |2 Konspekt  |9 22 
080 |a 378.096:37.01  |2 MRF 
080 |a 373.2  |2 MRF 
080 |a 303.094.5  |2 MRF 
080 |a 377.8  |2 MRF 
080 |a 37.091.12-027.22  |2 MRF 
080 |a 37.091.31-059.1  |2 MRF 
080 |a (437.3)  |2 MRF 
080 |a (048.8:082)  |2 MRF 
100 1 |a Syslová, Zora,  |d 1964-  |7 mub2011645863  |4 aut 
245 1 0 |a Od teorie předškolního vzdělávání k praxi v mateřské škole /  |c Zora Syslová, Hana Horká, Bohumíra Lazarová 
250 |a 1. vydání 
264 1 |a Brno :  |b Masarykova univerzita,  |c 2014 
300 |a 137 stran :  |b ilustrace (některé barevné), formuláře ;  |c 25 cm 
336 |a text  |b txt  |2 rdacontent 
337 |a bez média  |b n  |2 rdamedia 
338 |a svazek  |b nc  |2 rdacarrier 
500 |a 200 výtisků 
504 |a Obsahuje bibliografii a rejstříky 
546 |a České a anglické resumé 
610 2 7 |a Masarykova univerzita.  |b Pedagogická fakulta  |7 kn20010709279  |2 czenas 
650 0 7 |a pedagogické fakulty  |7 ph390012  |z Česko  |2 czenas 
650 0 7 |a předškolní výchova  |7 ph124887  |2 czenas 
650 0 7 |a evaluace  |7 ph205091  |2 czenas 
650 0 7 |a vzdělávání učitelů  |7 ph158324  |2 czenas 
650 0 7 |a pedagogická praxe  |7 ph124011  |2 czenas 
650 0 7 |a mentorství  |7 ph726750  |2 czenas 
650 0 7 |a pedagogické dovednosti  |7 ph157201  |2 czenas 
650 0 9 |a faculties of education  |z Czechia  |2 eczenas 
650 0 9 |a preschool education  |2 eczenas 
650 0 9 |a evaluation  |2 eczenas 
650 0 9 |a teacher education  |2 eczenas 
650 0 9 |a practice teaching  |2 eczenas 
650 0 9 |a mentoring  |2 eczenas 
650 0 9 |a teaching skills  |2 eczenas 
651 7 |a Brno (Česko)  |7 ge134084  |2 czenas 
651 9 |a Brno (Czechia)  |2 eczenas 
655 7 |a kolektivní monografie  |7 fd501537  |2 czenas 
655 9 |a collective monographs  |2 eczenas 
700 1 |a Horká, Hana,  |d 1949-  |7 mzk2005295002  |4 aut 
700 1 |a Lazarová, Bohumíra,  |d 1958-  |7 ola2003206229  |4 aut 
910 2 |a BOA001  |b 2-1348.569 
990 |a BK 
995 |a 01 
991 |b 201506  |c NOV  |e n 
996 6 |b 2610635591  |c 2-1348.569  |l MZK  |r Sklad / do 1 hodiny  |n 13  |p p.v.  |w 001509915  |u 000010  |a 1  |e BOA001  |j MZK50  |s P 
996 7 |b 2610635592  |c 2-1348.569  |l Vol.výběr  |r VV 0p  |n 36  |p p.v.  |h 373.2/.3 SYS  |w 001509915  |u 000020  |a 0  |e BOA001  |j MZK50  |s A